[Event "Noisiel op 5th"]
[Site "Noisiel"]
[Date "2020.02.19"]
[Round "8"]
[White "Ahmed Holi Ali, Moawia"]
[Black "Vinodh, Kumar B"]
[Result "1-0"]
[WhiteElo "2121"]
[BlackElo "2034"]
[PlyCount "121"]
[EventDate "2020.02.15"]
[EventType "swiss"]
[EventRounds "9"]
[EventCountry "FRA"]
[SourceTitle "CBM 195 Extra"]
[Source "ChessBase"]
[SourceDate "2020.05.31"]
[SourceVersion "1"]
[SourceVersionDate "2020.05.31"]
[SourceQuality "1"]

1. d4 Nf6 2. g3 e6 3. Bg2 d5 4. Nf3 Bd6 5. 0-0 Nbd7 6. c4 c6 7. Qc2 0-0 8. b3 Ne4 9. Nbd2 f5 10. e3 Qf6 11. Nxe4 fxe4 12. Nd2 e5 13. Bb2 Qh6 14. Rad1 exd4 15. Bxd4 Ne5 16. Bxe5 Bxe5 17. cxd5 cxd5 18. b4 Bg4 19. Rde1 Qh5 20. Qb3 Kh8 21. Qxd5 Bc3 22. Qxh5 Bxh5 23. Nxe4 Bxe1 24. Rxe1 Bf3 25. Bxf3 Rxf3 26. Rc1 Rf7 27. Kg2 h6 28. h4 Re7 29. Rc4 Rd8 30. a4 Kg8 31. Kf3 Rd5 32. g4 b5 33. Rc8+ Kh7 34. a5 Rd1 35. Rb8 a6 36. Nc5 Rb1 37. Nxa6 Rf7+ 38. Ke4 Rxf2 39. Rxb5 Rg1 40. g5 Rg4+ 41. Kd3 Rxh4 42. Nc5 hxg5 43. Ne4 Ra2 44. Nxg5+ Kg6 45. Ne4 Ra3+ 46. Kd4 Rh3 47. Rb6+ Kh5 48. Rb7 Rhxe3 49. Rxg7 Reb3 50. Kc4 Rb1 51. Nc5 Ra2 52. a6 Rc2+ 53. Kb5 Rcb2 54. Nd3 Ra2 55. Kb6 Rd2 56. a7 Ra1 57. Rd7 Kg5 58. b5 Kf6 59. Nc5 Rxd7 60. Nxd7+ Ke7 61. Nc5 1-0

[Event "Noisiel op 5th"]
[Site "Noisiel"]
[Date "2020.02.17"]
[Round "4"]
[White "Nair, Sanjeev"]
[Black "Vinodh, Kumar B"]
[Result "1/2-1/2"]
[WhiteElo "2172"]
[BlackElo "2034"]
[PlyCount "76"]
[EventDate "2020.02.15"]
[EventType "swiss"]
[EventRounds "9"]
[EventCountry "FRA"]
[SourceTitle "CBM 195 Extra"]
[Source "ChessBase"]
[SourceDate "2020.05.31"]
[SourceVersion "1"]
[SourceVersionDate "2020.05.31"]
[SourceQuality "1"]

1. e4 e6 2. d4 d5 3. Nd2 Nf6 4. e5 Nfd7 5. Bd3 c5 6. c3 Nc6 7. Ne2 cxd4 8. cxd4 f6 9. exf6 Nxf6 10. Nf3 Bd6 11. 0-0 0-0 12. Bg5 Qc7 13. Bh4 g6 14. Bg3 Nh5 15. Rc1 a6 16. a3 Nxg3 17. hxg3 Qg7 18. Qd2 Bd7 19. Bb1 Rae8 20. Rfe1 Kh8 21. Nf4 Qf6 22. Ne5 Nxe5 23. dxe5 Bxe5 24. Rxe5 Qxe5 25. Bxg6 Rc8 26. Re1 Qf6 27. Bb1 Rc4 28. Nd3 Rd4 29. Qc2 Rxd3 30. Qxd3 Qxf2+ 31. Kh2 Rf5 32. Re5 Qxb2 33. Rxf5 exf5 34. Qxd5 Qxb1 35. Qe5+ Kg8 36. Qd5+ Kf8 37. Qxd7 Kg8 38. Qe8+ Kg7 1/2-1/2

[Event "Noisiel op 5th"]
[Site "Noisiel"]
[Date "2020.02.15"]
[Round "1"]
[White "Vinodh, Kumar B"]
[Black "Popov, Konstantin"]
[Result "1-0"]
[WhiteElo "2034"]
[BlackElo "2391"]
[PlyCount "125"]
[EventDate "2020.02.15"]
[EventType "swiss"]
[EventRounds "9"]
[EventCountry "FRA"]
[SourceTitle "CBM 195 Extra"]
[Source "ChessBase"]
[SourceDate "2020.05.31"]
[SourceVersion "1"]
[SourceVersionDate "2020.05.31"]
[SourceQuality "1"]

1. d4 Nf6 2. Nf3 e6 3. e3 b6 4. Be2 Bb7 5. b3 Be7 6. Bb2 0-0 7. Nbd2 c5 8. 0-0 d6 9. Re1 Nbd7 10. c4 Re8 11. Rc1 Bf8 12. Bf1 e5 13. dxe5 dxe5 14. e4 Qc7 15. Qc2 Nb8 16. Nb1 Nc6 17. Nc3 Nd4 18. Nxd4 exd4 19. Nd5 Nxd5 20. cxd5 Qd6 21. b4 f5 22. f3 fxe4 23. fxe4 Qe5 24. bxc5 bxc5 25. g3 Bd6 26. Ba3 Rac8 27. Qd2 Rf8 28. Bg2 h5 29. Bh3 Rc7 30. Be6+ Kh7 31. Rf1 Bc8 32. Rxf8 Bxf8 33. Bxc8 Rxc8 34. Qf4 Qxf4 35. gxf4 d3 36. Kf2 Rb8 37. Ke3 Rb5 38. e5 g5 39. d6 gxf4+ 40. Kxd3 Kg6 41. Rxc5 Rb8 42. Ke4 Kf7 43. Kxf4 Ke6 44. Kg5 Bg7 45. Rc7 Bxe5 46. Re7+ Kd5 47. h3 h4 48. Rxa7 Bg3 49. Kf6 Bf2 50. Ra5+ Kc6 51. Ke7 Rb7+ 52. Ke6 Rb1 53. Ra6+ Kb7 54. Ra4 Re1+ 55. Kd7 Re2 56. Rb4+ Bb6 57. Rb2 Re5 58. Rb3 Rh5 59. Bc1 Re5 60. Bf4 Re4 61. Bg5 Ka6 62. a3 Bf2 63. Rb4 1-0